Strength of Materials (Mechanics of Solids) SI Units (Record no. 1994)
[ view plain ]
| 000 -LEADER | |
|---|---|
| fixed length control field | 00289nam a2200109Ia 4500 |
| 008 - FIXED-LENGTH DATA ELEMENTS--GENERAL INFORMATION | |
| fixed length control field | 200302s9999 xx 000 0 und d |
| 100 ## - MAIN ENTRY--PERSONAL NAME | |
| Personal name | R. S. Khurmi |
| 245 ## - TITLE STATEMENT | |
| Title | Strength of Materials (Mechanics of Solids) SI Units |
| 260 ## - PUBLICATION, DISTRIBUTION, ETC. | |
| Name of publisher, distributor, etc. | S. Chand & Company Ltd. |
| 260 ## - PUBLICATION, DISTRIBUTION, ETC. | |
| Date of publication, distribution, etc. | 2003 |
| 300 ## - PHYSICAL DESCRIPTION | |
| Extent | 760 P., |
| Withdrawn status | Lost status | Damaged status | Not for loan | Permanent Location | Current Location | Date acquired | Cost, normal purchase price | Total Checkouts | Full call number | Barcode | Date last seen | Date last checked out | Price effective from | Koha item type |
|---|---|---|---|---|---|---|---|---|---|---|---|---|---|---|
| BMS College of Architecture, Design and Planning | BMS College of Architecture, Design and Planning | 2020-03-03 | 200.00 | 1 | 691 | CL-UG43560 | 2022-12-05 | 2022-06-30 | 2020-03-03 | UG Books from CL |